[Event "WWRR Elo 2018"]
[Site "Wachtebeke"]
[Date "2018.02.12"]
[Round "5"]
[White "Wiley, Tom"]
[Black "Vuelban, Virgilio"]
[Result "1/2-1/2"]
[WhiteElo "2190"]
[BlackElo "2277"]
[Annotator "ChessBase"]
[PlyCount "129"]
[EventDate "2018.??.??"]
[EventCountry "BEL"]
[SourceTitle "playchess.com"]
[Source "ChessBase"]
[SourceQuality "1"]
[TimeControl "40/5400+30:900+30"]

1. d4 {[%emt 0:00:00]} Nf6 {[%emt 0:02:59]} 2. c4 {[%emt 0:00:00]} g6 {[%emt 0:00:48]} 3. Nc3 {[%emt 0:00:00]} Bg7 {[%emt 0:00:25]} 4. e4 {[%emt 0:00:00]} d6 {[%emt 0:00:04]} 5. Nf3 {[%emt 0:00:15]} O-O {[%emt 0:00:09]} 6. Be3 {[%emt 0:00:31]} e5 {[%emt 0:13:09]} 7. dxe5 {[%emt 0:01:09]} dxe5 {[%emt 0:00:07]} 8. Qxd8 {[%emt 0:00:05]} Rxd8 {[%emt 0:00:04]} 9. Nd5 {[%emt 0:00:06]} Nxd5 {[%emt 0:00:39]} 10. cxd5 {[%emt 0:00:06]} c6 {[%emt 0:00:03]} 11. Bc4 {[%emt 0:00:09]} cxd5 {[%emt 0:02:19]} 12. Bxd5 {[%emt 0:00:15]} Nc6 {[%emt 0:00:05]} 13. Bxc6 {[%emt 0:01:34]} bxc6 {[%emt 0:00:04]} 14. O-O {[%emt 0:00:11]} f5 {[%emt 0:04:17]} 15. Rfc1 {[%emt 0:05:27]} Rb8 {[%emt 0:07:08]} 16. b3 {[%emt 0:02:22]} Rb4 {[%emt 0:00:25]} 17. Rd1 {[%emt 0:06:10]} Re8 {[%emt 0:00:29]} 18. Nd2 {[%emt 0:02:00]} fxe4 {[%emt 0:04:11]} 19. Nc4 {[%emt 0:02:38]} Be6 {[%emt 0:05:49]} 20. Bc5 {[%emt 0:04:27]} Rbb8 {[%emt 0:02:51]} 21. Nd6 {[%emt 0:07:01]} Red8 {[%emt 0:02:42]} 22. Nxe4 {[%emt 0:05:02]} a6 {[%emt 0:04:52]} 23. Be7 {[%emt 0:11:31]} Rxd1+ {[%emt 0:05:38]} 24. Rxd1 {[%emt 0:00:16]} Bd5 {[%emt 0:00:08]} 25. f3 {[%emt 0:02:30]} Kf7 {[%emt 0:00:34]} 26. Bc5 {[%emt 0:00:52]} h6 {[%emt 0:09:21]} 27. Kf2 {[%emt 0:01:04]} Ke6 {[%emt 0:00:22]} 28. Be3 {[%emt 0:05:32]} Bf8 {[%emt 0:02:15]} 29. Nc5+ {[%emt 0:02:14]} Bxc5 {[%emt 0:01:18]} 30. Bxc5 {[%emt 0:00:07]} a5 {[%emt 0:02:13]} 31. Re1 {[%emt 0:03:00]} a4 {[%emt 0:03:54]} 32. Bd4 {[%emt 0:01:04]} axb3 {[%emt 0:00:26]} 33. Bxe5 {[%emt 0:00:19]} Rb7 {[%emt 0:02:38]} 34. axb3 {[%emt 0:00:20]} Kf7 {[%emt 0:00:27]} 35. Rc1 {[%emt 0:06:00]} Rxb3 {[%emt 0:00:14]} 36. Bd4 {[%emt 0:00:14]} Rd3 {[%emt 0:00:24]} 37. Be3 {[%emt 0:00:35]} g5 {[%emt 0:00:06]} 38. h4 {[%emt 0:02:44]} Kg6 {[%emt 0:01:15]} 39. hxg5 {[%emt 0:01:37]} hxg5 {[%emt 0:00:07]} 40. Rc2 {[%emt 0:00:15]} Kf5 {[%emt 0:15:15]} 41. Rc1 {[%emt 0:18:23]} g4 {[%emt 0:02:49]} 42. fxg4+ {[%emt 0:00:25]} Kxg4 {[%emt 0:00:17]} 43. g3 {[%emt 0:00:45]} Ra3 {[%emt 0:00:17]} 44. Bf4 {[%emt 0:00:31]} Kf5 {[%emt 0:00:29]} 45. Bd6 {[%emt 0:01:32]} Rf3+ {[%emt 0:01:52]} 46. Ke2 {[%emt 0:00:27]} Ke4 {[%emt 0:00:10]} 47. Bf4 {[%emt 0:02:33]} Ra3 {[%emt 0:01:06]} 48. Kd2 {[%emt 0:04:29]} Kd4 {[%emt 0:00:28]} 49. Bd6 {[%emt 0:00:48]} Rd3+ {[%emt 0:00:53]} 50. Kc2 {[%emt 0:01:24]} Bc4 {[%emt 0:01:19]} 51. Rh1 {[%emt 0:02:15]} Bb3+ {[%emt 0:00:36]} 52. Kb2 {[%emt 0:02:58]} c5 {[%emt 0:00:41]} 53. Re1 {[%emt 0:06:21]} c4 {[%emt 0:00:57]} 54. Be5+ {[%emt 0:01:42]} Kc5 {[%emt 0:00:13]} 55. Bc3 {[%emt 0:00:52]} Rxg3 {[%emt 0:00:23]} 56. Re5+ {[%emt 0:00:24]} Kd6 {[%emt 0:00:21]} 57. Ra5 {[%emt 0:00:23]} Rg2+ {[%emt 0:00:14]} 58. Ka3 {[%emt 0:00:08]} Kc6 {[%emt 0:01:20]} 59. Kb4 {[%emt 0:00:56]} Rg8 {[%emt 0:00:09]} 60. Rc5+ {[%emt 0:00:18]} Kd6 {[%emt 0:00:19]} 61. Be5+ {[%emt 0:00:19]} Ke6 {[%emt 0:00:06]} 62. Bc3 {[%emt 0:00:21]} Rg1 {[%emt 0:00:36]} 63. Re5+ {[%emt 0:01:50]} Kd6 {[%emt 0:00:10]} 64. Ra5 {[%emt 0:00:26]} Rb1 {[%emt 0:00:12]} 65. Ra1 {[%emt 0:00:19]} 1/2-1/2

[Event "WWRR Elo 2018"]
[Site "Wachtebeke"]
[Date "2018.02.12"]
[Round "5"]
[White "Den Hartog, Marijn"]
[Black "De Waele, Warre"]
[Result "0-1"]
[WhiteElo "2125"]
[BlackElo "2262"]
[Annotator "TA"]
[PlyCount "46"]
[EventDate "2018.??.??"]
[EventCountry "BEL"]
[SourceTitle "playchess.com"]
[Source "ChessBase"]
[SourceQuality "1"]

{[%evp 19,46,-15,-10,-27,-40,-63,-20,-39,-30,-39,-39,-31,-9,-27,-35,-68,-62,-133,-149,-246,-224,-322,-316,-308,-288,-348,-284,-279,-289]} 1. e4 e5 2. Nf3 Nc6 3. Bc4 Bc5 4. c3 Nf6 5. d3 a6 6. a4 {C54: Giuoco Piano: 4 c3 Nf6, main lines with 5 d4 and 5 d3} Ba7 (6... d6 7. O-O h6 8. Re1 O-O 9. h3 Re8 10. b4 Ba7 11. Nbd2 Qe7 12. Nf1 Be6 13. Be3 Bxc4 14. dxc4 Qe6 15. Bxa7 Nxa7 {1-0 (47) Karjakin,S (2760)-Mamedyarov,S (2799) Riadh 2017}) 7. Nbd2 O-O 8. O-O d6 9. Re1 Ng4 10. Re2 Kh8 {LiveBook: 13 Games} 11. h3 f5 12. Nf1 Nf6 {[%cal Bg4f6,Bf6h5,Bh5f4,Bf4h3][%mdl 32]} (12... fxe4 {seems wilder.} 13. dxe4 Rxf3 14. gxf3 Nf6 15. Ng3 Bxh3 16. b4 Nd7) 13. Be3 $146 ({Predecessor:} 13. Re1 fxe4 14. dxe4 Nh5 15. Be3 Qf6 16. Bxa7 Rxa7 {0-1 (39) Santamaria Perez,T (2370)-Larwinski,P (2158) ICCF email 2014}) 13... fxe4 14. dxe4 Bxe3 15. Rxe3 Nh5 16. Ne1 Nf4 17. Nd3 Qf6 18. Qd2 (18. Qe1 $15) 18... Qg6 $36 {[%csl Gf4][%cal Rg6g2][%mdl 2048] [#] Black is in control.} 19. g4 (19. Ng3 $17) 19... Qh6 $19 20. Nh2 (20. Rg3 {might work better.}) 20... Nxh3+ {Black has a decisive advantage.} 21. Kg2 Ng5 22. Qe2 Be6 23. Bxe6 Qxe6 {Precision: White = 15%, Black = 68%.} ({But not} 23... Nxe6 24. Rh1 $19) 0-1

[Event "WWRR Elo 2018"]
[Site "Wachtebeke"]
[Date "2018.02.12"]
[Round "5"]
[White "Hummel, Joop"]
[Black "Van Malder, Dries"]
[Result "1/2-1/2"]
[WhiteElo "1975"]
[BlackElo "2032"]
[Annotator "NA RC"]
[PlyCount "62"]
[EventDate "2018.??.??"]
[EventCountry "BEL"]
[SourceTitle "playchess.com"]
[Source "ChessBase"]
[SourceQuality "1"]
[TimeControl "40/5400+30:900+30"]

{[%evp 11,63,22,14,11,2,14,54,34,35,0,0,0,0,0,60,53,62,51,46,56,56,45,102,0,0,-8,-6,-44,-32,-69,-67,-79,-66,-63,-63,-59,-69,-64,-66,-125,-8,-14,-13,-25,-32,-62,0,-9,0,0,32767,0,0,0]} 1. Nf3 {[%emt 0:00:12]} Nf6 {[%emt 0:00:13]} 2. d4 {[%emt 0:00:36]} e6 {[%emt 0:00:24]} 3. e3 {[%emt 0:01:42]} c5 {[%emt 0:00:51]} 4. Bd3 {[%emt 0:01:28]} b6 {[%emt 0:01:06]} 5. O-O {[%emt 0:00:14]} Bb7 {[%emt 0:00:04]} 6. c4 {[%emt 0:02:27]} cxd4 {[%emt 0:00:45]} 7. exd4 {[%emt 0:00:03] E14: Queen's Indian: Classical Variation (4 e3)} d5 {[%emt 0:00:52]} 8. Nc3 {[%emt 0:02:43]} Nbd7 {[%emt 0:00:51]} 9. cxd5 {[%emt 0:04:43]} Nxd5 {[%emt 0:00:31]} 10. Bb5 $146 {[%emt 0:13:17]} ({Predecessor:} 10. Nxd5 Bxd5 11. Ne5 Nxe5 12. dxe5 Bc6 13. Re1 Bc5 14. Be3 Qd5 {0-1 (30) Panelo Munoz,M (2388)-Cori Tello,J (2648) Vallfogona de Balague 2017}) 10... a6 {[%emt 0:04:33]} 11. Bxd7+ {[%emt 0:01:33]} Qxd7 {[%emt 0:00:19]} 12. Ne5 {[%emt 0:00:02]} Nxc3 {[%emt 0:02:00]} ({Black should play} 12... Qc7 $11) 13. Nxd7 {[%emt 0:05:28]} ({Of course not} 13. bxc3 Qc7 $11) 13... Nxd1 {[%emt 0:00:25]} 14. Nxb6 {[%emt 0:00:02]} Rd8 {[%emt 0:02:43]} 15. Rxd1 {[%emt 0:00:29]} Bc5 {[%emt 0:00:35]} 16. Nc4 {[%emt 0:01:56]} Bxd4 {[%emt 0:04:24] [#]} 17. Be3 {[%emt 0:00:16]} (17. Bf4 $1 $16) 17... Bxe3 {[%emt 0:01:13]} 18. Rxd8+ {[%emt 0:00:20]} Kxd8 {[%emt 0:00:09]} 19. fxe3 {[%emt 0:06:19]} Ke7 {[%emt 0:03:19]} 20. Rd1 {[%emt 0:05:00]} Bd5 {[%emt 0:09:27]} 21. Nb6 $1 {[%emt 0:07:34]} Bxa2 {[%emt 0:01:11]} 22. Rd7+ {[%emt 0:00:08]} Kf6 {[%emt 0:00:10]} 23. Ra7 {[%emt 0:00:10]} Rd8 {[%emt 0:01:29]} 24. Nd7+ {[%emt 0:02:51]} Kf5 {[%emt 0:09:36]} 25. Kf2 {[%emt 0:01:26]} (25. h3 $15) 25... Bc4 {[%emt 0:07:26] [#]} (25... Rc8 $17 26. Kg3 Rc2) 26. g4+ $1 {[%emt 0:00:30]} Ke4 {[%emt 0:10:36]} 27. Nc5+ {[%emt 0:03:13]} Kd5 {[%emt 0:01:23]} 28. Na4 {[%emt 0:01:17]} Bb3 {[%emt 0:05:01]} (28... Kc6 $17 29. Rxf7 Rb8 30. Rxg7 Rb4) 29. Rxa6 {[%emt 0:13:43]} Bxa4 {[%emt 0:01:40]} 30. Rxa4 {[%emt 0:00:02]} Ke5 {[%emt 0:04:43]} 31. Ke2 {[%emt 0:03:08]} Rb8 {[%emt 0:28:01]} 1/2-1/2

[Event "WWRR Elo 2018"]
[Site "Wachtebeke"]
[Date "2018.02.12"]
[Round "5"]
[White "Dauw, Sterre"]
[Black "Van de Wynkele, Eric"]
[Result "1/2-1/2"]
[WhiteElo "1942"]
[BlackElo "2016"]
[Annotator "NA RC"]
[PlyCount "97"]
[EventDate "2018.??.??"]
[EventCountry "BEL"]
[SourceTitle "playchess.com"]
[Source "ChessBase"]
[SourceQuality "1"]
[TimeControl "40/5400+30:900+30"]

{[%evp 9,97,45,64,50,55,49,52,32,36,29,31,27,18,-25,32767,16,31,27,38,34,16,33,29,0,18,16,29,20,0,13,0,14,0,25,32767,39,32767,32767,32767,23,10,32767,75,58,68,62,58,71,64,32767,176,171,222,225,193,216,229,120,237,212,250,32767,32767,32767,32767,32767,32767,32767,32767,32767,68,15,20,26,101,8,8,8,8,8,8,8,8,8,8,8,8,8,8,8]} 1. e4 {[%emt 0:00:00]} d5 {[%emt 0:00:01]} 2. exd5 {[%emt 0:00:00]} Qxd5 {[%emt 0:00:02]} 3. Nc3 {[%emt 0:00:00]} Qd6 {[%emt 0:00:01]} 4. d4 {[%emt 0:00:00]} Nf6 {[%emt 0:00:03]} 5. Nf3 {[%emt 0:00:00]} c6 {[%emt 0:00:04]} 6. Ne5 {[%emt 0:00:06]} Nbd7 {[%emt 0:00:11] B01: Scandinavian Defence} 7. Nc4 {[%emt 0:00:08]} Qc7 {[%emt 0:01:27]} 8. Qf3 {[%emt 0:00:06]} Nb6 {[%emt 0:00:54]} 9. Bf4 {[%emt 0:00:09]} Qd7 {[%emt 0:00:11]} 10. Nxb6 {[%emt 0:00:06]} axb6 {[%emt 0:00:13]} 11. O-O-O {[%emt 0:00:15]} Qg4 {[%emt 0:01:42]} (11... Qd8 12. h3 e6 13. Bc4 Be7 14. g4 {½-½ (32) Grischuk,A (2750)-Rapport,R (2698) chess.com INT 2017}) 12. Qxg4 {[%emt 0:04:42]} ({White should play} 12. Qe3 $16) 12... Bxg4 {[%emt 0:00:38]} 13. f3 {[%emt 0:00:09]} Be6 {[%emt 0:01:00]} 14. a4 {[%emt 0:06:26] [#]} O-O-O $146 {[%emt 0:21:46]} 15. Be2 {[%emt 0:17:35]} h5 {[%emt 0:20:09]} 16. h4 {[%emt 0:21:48]} g6 {[%emt 0:00:24]} 17. Rhe1 {[%emt 0:01:16]} Rd7 {[%emt 0:16:09]} 18. Bf1 {[%emt 0:04:13]} Bg7 {[%emt 0:05:36]} 19. Be5 {[%emt 0:02:57]} Rhd8 {[%emt 0:00:43]} 20. b3 {[%emt 0:15:33]} Ne8 {[%emt 0:00:30]} 21. Ne4 {[%emt 0:00:10]} Bh6+ {[%emt 0:10:21]} 22. Kb2 {[%emt 0:01:28]} f6 {[%emt 0:03:04]} 23. Bg3 {[%emt 0:01:25]} Bf7 {[%emt 0:07:15]} 24. c3 {[%emt 0:14:22]} e5 $1 {[%emt 0:01:45]} 25. Bf2 {[%emt 0:01:43]} f5 {[%emt 0:05:14]} (25... Bg7 $11) 26. Ng5 {[%emt 0:00:26]} Bxg5 {[%emt 0:00:45]} 27. hxg5 {[%emt 0:00:07]} exd4 {[%emt 0:00:30]} 28. Rxd4 {[%emt 0:00:29]} Rxd4 {[%emt 0:00:33]} 29. Bxd4 {[%emt 0:00:53]} Nc7 {[%emt 0:00:39]} (29... c5 $16 {might work better.} 30. Be5 Nc7) 30. Re7 {[%emt 0:02:07]} c5 {[%emt 0:01:28]} 31. Rxf7 {[%emt 0:00:33]} cxd4 {[%emt 0:00:01]} 32. cxd4 {[%emt 0:00:10]} Rxd4 {[%emt 0:00:04]} 33. Kc2 {[%emt 0:02:36]} (33. Rg7 $18) 33... Ne6 {[%emt 0:00:48]} (33... Nd5 $16) 34. Rf6 {[%emt 0:00:24]} Rd6 {[%emt 0:00:01]} 35. Kc3 {[%emt 0:01:46]} Rc6+ {[%emt 0:00:12]} 36. Bc4 {[%emt 0:02:10]} Nxg5 {[%emt 0:00:01]} 37. Rxc6+ {[%emt 0:01:00]} bxc6 {[%emt 0:00:02]} 38. Kd4 {[%emt 0:00:27]} Kd7 {[%emt 0:00:36]} 39. f4 {[%emt 0:00:50]} Nh7 {[%emt 0:01:35]} 40. b4 {[%emt 0:00:48]} Kd6 {[%emt 0:15:56]} 41. Bf7 {[%emt 0:15:33]} Nf8 {[%emt 0:00:29] [#]} (41... Nf6 $11) 42. a5 {[%emt 0:00:00]} (42. g3 $1 $16) 42... bxa5 $1 {[%emt 0:00:00]} 43. bxa5 {[%emt 0:00:00]} h4 $1 {[%emt 0:00:00]} 44. a6 {[%emt 0:00:00]} Kc7 {[%emt 0:00:00]} 45. a7 {[%emt 0:00:00]} Kb7 {[%emt 0:00:00]} 46. Kc5 {[%emt 0:00:00]} Nd7+ {[%emt 0:00:00]} 47. Kd6 {[%emt 0:00:00]} Nf6 {[%emt 0:00:00]} 48. Bxg6 {[%emt 0:00:53]} Nd5 {[%emt 0:00:32]} 49. Bxf5 $11 {[%emt 0:00:17]} 1/2-1/2

[Event "WWRR Elo 2018"]
[Site "Wachtebeke"]
[Date "2018.02.12"]
[Round "5"]
[White "Roels, Frederik"]
[Black "Moens, Patrick"]
[Result "0-1"]
[WhiteElo "1914"]
[BlackElo "1870"]
[Annotator "NA RC"]
[PlyCount "104"]
[EventDate "2018.??.??"]
[EventCountry "BEL"]
[SourceTitle "playchess.com"]
[Source "ChessBase"]
[SourceQuality "1"]
[TimeControl "40/5400+30:900+30"]

{[%evp 8,104,38,29,28,14,8,5,41,-24,32767,32767,32767,32767,1,-29,-19,-212,-160,-252,-267,-334,-52,-43,-44,-89,-86,-499,-507,-510,-241,-211,-190,-180,-198,-327,-300,-319,-353,-387,-389,-475,-524,-643,-638,-646,-701,-622,-652,-792,-341,-399,-392,-546,-521,32767,-615,-576,-741,-890,-720,-918,-1030,-1019,-900,-1144,-1163,-1162,-814,-677,-704,-716,-852,-715,-832,-852,-812,-1161,-1158,-1421,-897,-1037,-931,-932,-758,-524,-828,-1336,-838,-865,-869,-994,-961,-889,-1082,-937,-1068,-956,-12843]} 1. e4 {[%emt 0:00:00]} c5 {[%emt 0:00:08]} 2. Nf3 {[%emt 0:00:00]} d6 {[%emt 0:00:15]} 3. d4 {[%emt 0:00:00]} cxd4 {[%emt 0:00:05]} 4. Nxd4 {[%emt 0:00:00]} Nf6 {[%emt 0:00:11]} 5. Nc3 {[%emt 0:00:00]} a6 {[%emt 0:00:05]} 6. Bg5 {[%emt 0:00:35]} e6 {[%emt 0:00:29]} 7. f4 {[%emt 0:00:07]} Be7 {[%emt 0:00:05] LiveBook: 2135 Games} 8. Qe2 {[%emt 0:00:48]} ({Günstiger ist} 8. Qf3 $14) 8... h6 {[%emt 0:02:20]} 9. Bxf6 {[%emt 0:00:33] B98: Sicilian Najdorf: 6 Bg5 e6 7 f4 Be7, sidelines} Bxf6 {[%emt 0:00:19]} 10. O-O-O {[%emt 0:00:14]} Qc7 {[%emt 0:00:57]} 11. h4 {[%emt 0:00:31]} (11. Qd2 Bd7 12. Kb1 b5 13. g4 b4 14. Nce2 Nc6 15. Nf3 Be7 16. h4 a5 {½-½ (48) Jobava,B (2669)-Yilmaz,M (2622) Izmir 2016}) 11... Nc6 {[%emt 0:03:33]} 12. Qc4 $2 $146 {[%emt 0:05:31]} ({Predecessor:} 12. Nxc6 $11 {and White stays safe.} bxc6 13. Qd3 (13. Rh3 Rb8 14. b3 g5 15. e5 dxe5 16. fxg5 Be7 {1-0 (36) Hossain,E (2432)-Dao,T (2463) Ashkhabad 2017})) 12... d5 {[%emt 0:04:42]} 13. Qa4 {[%emt 0:03:24]} (13. Nxe6 {was forced.} fxe6 14. exd5 Bxc3 15. dxc6) 13... Bxd4 {[%emt 0:05:38]} ({But not} 13... Qxf4+ 14. Kb1 $17) 14. Rxd4 {[%emt 0:01:02]} Bd7 $2 {[%emt 0:01:32]} ({Less strong is} 14... Qxf4+ 15. Rd2 $17) ({Black should play} 14... b5 $19 15. Bxb5 axb5 16. Qxa8 Nxd4) 15. Rd2 {[%emt 0:01:41]} d4 {[%emt 0:03:14]} 16. Ne2 {[%emt 0:01:26] [#]} d3 $1 {[%emt 0:04:15]} 17. cxd3 $2 {[%emt 0:04:13]} (17. Nc3 $17 {is a better chance.}) 17... Nb4+ $1 {[%emt 0:03:12]} 18. Rc2 {[%emt 0:00:39]} Nxc2 {[%emt 0:03:33]} ({Not} 18... Bxa4 19. Rxc7 Nxd3+ 20. Kb1 $17) (18... Rc8 $142 19. Rxc7 Rxc7+ 20. Nc3 Bxa4) 19. Qxc2 {[%emt 0:00:08]} Qa5 {[%emt 0:01:17]} 20. Nc3 {[%emt 0:00:41]} b5 {[%emt 0:02:08]} 21. a3 {[%emt 0:00:11]} (21. Kb1 $142) 21... Qb6 {[%emt 0:00:29]} 22. Qd2 {[%emt 0:00:39]} a5 {[%emt 0:01:04]} 23. Kd1 {[%emt 0:04:28]} b4 {[%emt 0:00:16]} 24. Nb1 {[%emt 0:00:09]} Qd4 {[%emt 0:00:49]} 25. g4 {[%emt 0:01:50]} Ba4+ {[%emt 0:00:24]} 26. Ke2 {[%emt 0:00:06]} Rc8 {[%emt 0:00:26]} 27. Kf3 {[%emt 0:00:52]} Rc2 {[%emt 0:00:59]} 28. Qe3 {[%emt 0:00:14]} Qxe3+ {[%emt 0:05:41]} 29. Kxe3 {[%emt 0:00:05]} Rxb2 {[%emt 0:00:12]} 30. Nd2 {[%emt 0:00:24]} (30. Be2 $142) 30... bxa3 {[%emt 0:00:40]} 31. Be2 {[%emt 0:00:18]} a2 {[%emt 0:07:13]} 32. Ra1 {[%emt 0:00:12]} Bb5 {[%emt 0:02:31]} 33. e5 {[%emt 0:01:52]} O-O {[%emt 0:02:09]} 34. Nc4 {[%emt 0:01:18]} Bxc4 {[%emt 0:00:21]} 35. dxc4 {[%emt 0:00:04]} Rd8 {[%emt 0:01:45]} 36. f5 {[%emt 0:00:18]} exf5 {[%emt 0:01:20]} 37. gxf5 {[%emt 0:00:05]} Re8 {[%emt 0:00:37]} 38. Bd3 {[%emt 0:00:21]} Rxe5+ {[%emt 0:00:24]} 39. Kd4 {[%emt 0:00:05]} f6 {[%emt 0:01:35]} 40. c5 {[%emt 0:00:15]} Kf8 {[%emt 0:21:18]} 41. Bc4 {[%emt 0:16:20]} Rxf5 {[%emt 0:01:27]} 42. Bxa2 {[%emt 0:00:10]} Rb4+ {[%emt 0:00:13]} 43. Kd3 {[%emt 0:01:31]} Rxc5 {[%emt 0:00:16]} 44. Rh1 {[%emt 0:01:15]} Rh5 {[%emt 0:01:41]} 45. Rc1 {[%emt 0:00:26]} Rb7 {[%emt 0:01:18]} 46. Rc8+ {[%emt 0:00:24]} Ke7 {[%emt 0:00:11]} 47. Rc4 {[%emt 0:01:10]} Re5 {[%emt 0:01:56]} 48. Rg4 {[%emt 0:00:34]} Rd7+ {[%emt 0:00:19]} 49. Kc3 {[%emt 0:00:39]} Rc5+ {[%emt 0:01:07]} 50. Kb2 {[%emt 0:00:30]} Rb7+ {[%emt 0:00:55]} 51. Ka3 {[%emt 0:00:12]} Rc3+ {[%emt 0:00:30]} 52. Ka4 {[%emt 0:00:07] [#]} Rb4+ $19 {[%emt 0:00:17]} 0-1

[Event "WWRR Elo 2018"]
[Site "Wachtebeke"]
[Date "2018.02.13"]
[Round "6"]
[White "Verheyen, Olivier"]
[Black "Dauw, Sterre"]
[Result "1-0"]
[WhiteElo "2001"]
[BlackElo "1942"]
[Annotator "NA RC"]
[PlyCount "26"]
[EventDate "2018.??.??"]
[EventCountry "BEL"]
[SourceTitle "playchess.com"]
[Source "ChessBase"]
[SourceQuality "1"]
[TimeControl "40/5400+30:900+30"]

{[%evp 8,26,34,31,22,6,40,8,33,25,22,20,11,12,8,-9,0,0,22,5,20]} 1. e4 {[%emt 1:30:30]} c5 {[%emt 0:01:56]} 2. Nf3 {[%emt 0:00:00]} d6 {[%emt 0:00:05]} 3. d4 {[%emt 0:00:00]} cxd4 {[%emt 0:00:05]} 4. Nxd4 {[%emt 0:00:00]} Nf6 {[%emt 0:00:11]} 5. Nc3 {[%emt 0:00:00]} a6 {[%emt 0:00:05]} 6. h3 {[%emt 0:00:00]} e5 {[%emt 0:00:04]} 7. Nde2 {[%emt 0:00:00]} h5 {[%emt 0:00:08]} 8. Bg5 {[%emt 0:00:00]} Be6 {[%emt 0:00:04]} 9. Bxf6 {[%emt 0:00:00]} Qxf6 {[%emt 0:00:10]} 10. Nd5 {[%emt 0:00:00]} Qd8 {[%emt 0:00:09]} 11. Nec3 {[%emt 0:00:00]} Nc6 {[%emt 0:00:25]} 12. Bc4 {[%emt 0:00:00] LiveBook: 7 Games} b5 {[%emt 0:00:15]} 13. Bb3 {[%emt 0:00:00]} g6 $11 {[%emt 0:06:03]} 1-0

[Event "WWRR Elo 2018"]
[Site "Wachtebeke"]
[Date "2018.02.14"]
[Round "7"]
[White "Van Malder, Dries"]
[Black "Sinke, Wim"]
[Result "1-0"]
[WhiteElo "2032"]
[BlackElo "1887"]
[Annotator "NA RC"]
[PlyCount "39"]
[EventDate "2018.??.??"]
[EventCountry "BEL"]
[SourceTitle "playchess.com"]
[Source "ChessBase"]
[SourceQuality "1"]
[TimeControl "40/5400+30:900+30"]

{[%evp 8,39,37,8,24,10,43,22,25,22,35,33,36,33,66,27,27,22,41,27,190,145,160,174,171,198,201,193,701,728,787,780,764,648]} 1. d4 {[%emt 0:00:00]} d5 {[%emt 0:00:10]} 2. c4 {[%emt 0:00:00]} c6 {[%emt 0:00:44]} 3. Nc3 {[%emt 0:00:00]} Nf6 {[%emt 0:00:27]} 4. Nf3 {[%emt 0:00:00]} g6 {[%emt 0:01:26]} 5. Bf4 {[%emt 0:00:34]} dxc4 {[%emt 0:02:40]} 6. a4 {[%emt 0:07:16]} Qa5 $146 {[%emt 0:02:09] D90: Grünfeld: 4 Nf3 Bg7 sidelines} ({Predecessor:} 6... Nd5 7. Bd2 Nb4 8. e4 Be6 9. Be3 Bg7 10. Be2 Nd3+ 11. Bxd3 cxd3 12. Qxd3 Na6 13. O-O O-O 14. Qd2 {1-0 (36) Riazantsev,A (2678)-Looshnikov,N (2490) Khanty-Mansiysk 2014}) 7. e3 {[%emt 0:03:53]} Be6 {[%emt 0:06:47]} 8. Be2 {[%emt 0:20:13]} Nd5 {[%emt 0:05:57]} 9. Be5 {[%emt 0:01:42]} f6 {[%emt 0:01:57]} 10. Bg3 {[%emt 0:00:38]} Nxc3 {[%emt 0:08:25]} 11. Qd2 {[%emt 0:00:38]} b5 {[%emt 0:02:27]} 12. bxc3 {[%emt 0:00:49]} Nd7 {[%emt 0:04:58]} 13. O-O {[%emt 0:00:47]} Qd8 $2 {[%emt 0:00:40]} ({Better is} 13... bxa4 $14 14. Ra2 Nb6) 14. axb5 {[%emt 0:02:57]} cxb5 {[%emt 0:01:26]} 15. d5 {[%emt 0:00:36]} Bg4 {[%emt 0:10:44]} 16. Nd4 {[%emt 0:01:15]} Bxe2 {[%emt 0:02:07]} 17. Qxe2 {[%emt 0:00:13]} Nc5 $2 {[%emt 0:00:30]} (17... a6) 18. Nxb5 {[%emt 0:01:03]} e5 {[%emt 0:10:10]} 19. dxe6 {[%emt 0:03:26]} Nxe6 {[%emt 0:00:08]} 20. Qxc4 $18 {[%emt 0:01:52]} 1-0

[Event "WWRR Elo 2018"]
[Site "Wachtebeke"]
[Date "2018.02.14"]
[Round "7"]
[White "Hummel, Joop"]
[Black "Moens, Patrick"]
[Result "1-0"]
[WhiteElo "1975"]
[BlackElo "1870"]
[Annotator "NA RC"]
[PlyCount "29"]
[EventDate "2018.??.??"]
[EventCountry "BEL"]
[SourceTitle "playchess.com"]
[Source "ChessBase"]
[SourceQuality "1"]
[TimeControl "40/5400+30:900+30"]

{[%evp 8,29,119,96,89,97,108,68,245,236,343,310,335,353,713,727,703,725,869,972,954,997,29995,29996]} 1. d3 {[%emt 0:03:19]} f5 {[%emt 0:01:01]} 2. e4 {[%emt 0:00:19]} fxe4 {[%emt 0:00:39]} 3. dxe4 {[%emt 0:00:03]} d6 {[%emt 0:01:44]} 4. Nc3 {[%emt 0:00:52]} c6 {[%emt 0:00:32]} 5. Bc4 {[%emt 0:02:20]} Nf6 {[%emt 0:03:58]} 6. e5 {[%emt 0:06:47]} Nfd7 {[%emt 0:09:38]} 7. Nf3 {[%emt 0:05:36]} Nb6 $2 {[%emt 0:01:59] [#]} (7... d5 $16) 8. Bd3 $1 {[%emt 0:00:25]} Na6 {[%emt 0:06:15]} (8... Bg4 {might work better.} 9. h3 Bh5) 9. Ng5 {[%emt 0:03:12]} g6 {[%emt 0:09:04]} 10. Qf3 {[%emt 0:11:07]} Bf5 $2 {[%emt 0:07:21]} (10... Nc5 11. Qf7+ Kd7) 11. Bxf5 {[%emt 0:01:04]} gxf5 {[%emt 0:02:36]} 12. Qxf5 {[%emt 0:07:52]} Qc8 {[%emt 0:02:06]} 13. Qf7+ {[%emt 0:02:09]} Kd7 {[%emt 0:03:51]} 14. exd6 {[%emt 0:01:41]} Kxd6 {[%emt 0:05:55]} 15. Bf4+ {[%emt 0:00:14]} 1-0